Le plus grande ville commençant par J dans ce pays - Statistiques

Statistiques générales
  • Ce quiz a été pris 297 fois
    223 depuis la dernière actualisation
  • Le résultat moyen est 5 sur 12
Statistiques - réponses
Pays J-ville % Correct
Afrique du Sud Johannesbourg
95%
Indonesie Jakarta
94%
Israel Jerusalem
85%
États-Unis Jacksonville
48%
Inde Jaipur
47%
Espagne Jerez de la Frontera
36%
Mexique Juarez
30%
Chine Jinan
13%
Afghanistan Jalalabad
12%
Nigeria Jos
7%
Lettonie Jelgava
6%
Brésil João Pessoa
6%
Aucun quiz correspondant
Distribution des résultats
% des personnes avec chaque résultat
Percentile par nombre de réponses
Votre historique - résultats
Vous n’avez pas pris ce quiz depuis la dernière actualisation